Normal view
MARC view
Entry Personal Name
001 - CONTROL NUMBER
- control field: 27716
003 - CONTROL NUMBER IDENTIFIER
- control field: dpl
005 - DATE AND TIME OF LATEST TRANSACTION
- control field: 20110505111711.0
008 - FIXED-LENGTH DATA ELEMENTS
- fixed length control field: 110505|||a|||||| | ||| d
040 ## - CATALOGING SOURCE
- Original cataloging agency: dpl
- Transcribing agency: dpl
100 ## - HEADING--PERSONAL NAME
- Personal name: जोशी, मनोहर श्याम
670 ## - SOURCE DATA FOUND
- Source citation: Work cat.: (dpl): जोशी, मनोहर श्याम , क्याप /, 2010
670 ## - SOURCE DATA FOUND
- Source citation: Work cat.: (dpl): जोशी, मनोहर श्याम , क्याप /, 2010
